000 00457cam a2200181ua 4500
020 _c95.00
041 _aeng
_h
082 _a658.001
_bCHA/MA
100 _aChandan, J S .
245 _aManagement theory and practice /
_cJ S Chandan.
_hTextual Documents
250 _a1 /
_b.
260 _aNew Delhi :
_bVikas publishing house pvt ltd ,
_c1995.
300 _a507 ; .
365 _a95.00
504 _a
942 _cBK
999 _c11046
_d11046